LIBRARY ONLINE CATALOGUE

The Autobiography of Benjamin Franklin. (Record no. 6305)

MARC details
000 -LEADER
fixed length control field 00566nam a22001932 4500
001 - CONTROL NUMBER
control field 0000003246
005 - DATE AND TIME OF LATEST TRANSACTION
control field 20151217151920.0
008 - FIXED-LENGTH DATA ELEMENTS--GENERAL INFORMATION
fixed length control field 070502s xx 000 0 eng d
040 ## - CATALOGING SOURCE
Original cataloging agency KABU
Transcribing agency KABU
050 #0 - LIBRARY OF CONGRESS CALL NUMBER
Classification number E302.6
Item number .F7A2
100 1# - MAIN ENTRY--PERSONAL NAME
Personal name Franklin, Benjamin.
-- 0000152995
245 14 - TITLE STATEMENT
Title The Autobiography of Benjamin Franklin.
260 ## - PUBLICATION, DISTRIBUTION, ETC. (IMPRINT)
Place of publication, distribution, etc. New York :
Name of publisher, distributor, etc. Washington Square Press,
Date of publication, distribution, etc. 1940.
300 ## - PHYSICAL DESCRIPTION
Extent 215 p.
600 10 - SUBJECT ADDED ENTRY--PERSONAL NAME
Personal name Franklin, Benjamin
General subdivision Autobiography.
-- 0000152995
908 ## - PUT COMMAND PARAMETER (RLIN)
Put command parameter 070502
950 ## - LOCAL HOLDINGS (RLIN)
-- 1
Holdings
Withdrawn status Lost status Source of classification or shelving scheme Not for loan Home library Current library Date acquired Total Checkouts Full call number Barcode Date last seen Price effective from Koha item type
    Library of Congress Classification   Kabarak, Main Campus Kabarak, Main Campus 17/12/2015   E302.6 .F7A2 000848 17/12/2015 17/12/2015 General Collection